000 00358nam a2200133Ia 4500
008 240624s9999 xx 000 0 und d
041 _aeng
082 _a158.1 SHA
100 _aSHARMA ROBIN
245 _aDISCOVER YOUR DESTINY WITH THE MONK WHO
260 _c2009
_aMumbai
_bJaico Publishing House
300 _axvi, : 215 : p. : cm. ; 21
365 _cRS
_b15
999 _c14572
_d14572